ბათუმის შოთა რუსთაველის სახელმწიფო უნივერსიტეტის ბიბლიოთეკა

ჩანაწერი Personal Name

ჩანაწერთა რაოდენობა, რომელიც გამოყენებულია: 1

001 - CONTROL NUMBER

  • control field: 25007

003 - CONTROL NUMBER IDENTIFIER

  • control field: GE_BSU

005 - DATE AND TIME OF LATEST TRANSACTION

  • control field: 20250502173325.0

008 - FIXED-LENGTH DATA ELEMENTS

  • fixed length control field: 250502|| aca||aabn | a|a d

040 ## - CATALOGING SOURCE

  • Original cataloging agency: GE_BSU
  • Transcribing agency: GE_BSU

100 ## - HEADING--PERSONAL NAME

  • Personal name: სირაძე, თამარ,
  • Relator term: ინგლ. ტექსტის რედაქტორი.

670 ## - SOURCE DATA FOUND

  • Source citation: Work cat.: (GE_BSU): Papunidze, Vano 25006, Water-regulating and soil-protective function of mountain forests of Ajara and the Technology for Creating of industrial plantations /